000 00306nam a22001337a 4500
008 250827b |||||||| |||| 00| 0 eng d
020 _a9789394644007
_c800
040 _a03
100 _aAGARWAL PREETI
245 _aHANDBOOK FOR ANM
260 _aJP
_bKIRT PRAKSHAN
_cDELHI
300 _a858
942 _c02
999 _c66021
_d66021